Fundamental managerial accounting concepts / (Record no. 4179)

MARC details
000 -LEADER
fixed length control field 01171cam a22001694a 4500
020 ## - INTERNATIONAL STANDARD BOOK NUMBER
ISBN 0072991054 (alk. paper)
050 00 - CALL NUMBER
Classification number HF5657.4
Item number .E35
245 00 - TITLE
Title Fundamental managerial accounting concepts /
Statement of responsibility, etc Thomas P. Edmonds ... [et al.].
250 ## - EDITION
Edition statement 3rd ed.
260 ## - PUBLICATION INFORMATION
Place of publication New York :
Name of publisher McGraw-Hill/Irwin,
Year of publication 2006.
300 ## - DESCRIPTION
Number of Pages xxxii, 654 p. :
Other physical details col. ill. ;
Dimensions 29 cm.
500 ## - NOTES
General note Includes index.
505 ## - FORMATTED CONTENTS NOTE
Table of Content Management Accounting: A Value-Added Discipline.<br/>Cost Behavior, Operating Leverage, and Profitability Analysis Chapter 3 Analysis of Cost, Volume, and Pricing to Increase Profitability.<br/>Relevant Information for Special Decisions.<br/>Cost Accumulation, Tracing, and Allocation Using Volume Measures to Allocate Variable.<br/>Cost Management in an Automated Business Environment: ABC, ABM, and TQM.<br/>Planning for Profit and Cost Control.<br/>Performance Evaluation.<br/>Responsibility Accounting.<br/>Planning for Capital Investments.<br/>Product Costing in Service and Manufacturing Entities.<br/>Job-Order, Process, and Hybrid Cost Systems.<br/>Financial Statement Analysis.<br/>Statement of Cash Flows.
650 #0 - SUBJECTS
Topical Term Managerial accounting.
700 1# - OTHER AUTHORS
Personal name Edmonds, Thomas P.
942 ## - ADDED ENTRY ELEMENTS (KOHA)
Koha item type Books
Holdings
Withdrawn status Lost status Home library Current library Shelving location Date acquired Full call number Accession Number Koha item type
    Methodist University Library Tema Methodist University Library Tema General Stacks 24/08/2007 HF5657.4 .E35 29219 Books
    Methodist University Library Tema Methodist University Library Tema General Stacks 24/08/2007 HF5657.4 .E35 29218 Books
Copyright © 2026  MUG Library